000 00444 a2200109 4500
020 _a9789695460153
082 _a620.135 RIZ
100 _aSyed Ali Rizwan
245 _aProceedings of International Conference on Advances in Cement Based Materials and Applications in civil Infrastructure (ACBM-ACI) [vol. 1]
_cSyed ALi Rizwan, Abdul Ghaffar
260 _aPakistan :
_bUET Lahore, A One Publishers
_c2007
300 _axii, 584p. :
_bill. ;
_c26 cm
650 _aCement -Materials
999 _c840
_d840